Szczegóły MARC21

Reprywatyzacja : praktyka organów administracji, działalność prokuratury, orzecznictwo sądowe, uprawnienia byłych właścicieli /

003 -Nazwa inst., której nr kontr. jest w polu 001 [,]
    • @
    • Nazwa instytucji, której n kontrolny jest w polu 001
    • NUKAT
005 -DATA I CZAS OSTATNIEJ MODYFIKACJI [,]
    • @
    • pole kontrolne
    • 20241231110015.0
020 -Międzynarod. znormalizowany nr książki - ISBN [ , ]
    • a
    • Numer ISBN
    • 8321906524 Find
040 -Instytucja sporządzająca opis [ , ]
    • a
    • Instytucja, która sporządziła opis (NP)
    • WA U/98AST
    • c
    • Instytucja, która sporządziła rekord (NP)
    • WA U/AST
    • d
    • Instytucja, która zmodyfikowała rekord (P)
    • WA U/98MAJ
    • d
    • Instytucja, która zmodyfikowała rekord (P)
    • WA U/88OBs
    • d
    • Instytucja, która zmodyfikowała rekord (P)
    • WR O/IS
942 -Rodzaj dokumentu [ , ]
    • c
    • Rodzaj dokumentu
    • Książka
100 -Hasło główne - nazwa osobowa [1, ]
    • a
    • Nazwa osobowa (NP)
    • Antosiewicz, Janina.
    • 9
    • KHW
    • 414437
245 -Strefa tytułu i oznaczenia odpowiedzialności [1,0]
    • a
    • Tytuł
    • Reprywatyzacja : Find
    • b
    • Ciąg dalszy tytułu (NP)
    • praktyka organów administracji, działalność prokuratury, orzecznictwo sądowe, uprawnienia byłych właścicieli / Find
    • c
    • Pozostałe elementy strefy tytułu i oznaczenia odpowiedzialności (NP)
    • Janina Antosiewicz.
260 -Strefa adresu wydawniczego [ , ]
    • a
    • Miejsce wydania (P)
    • Warszawa :
    • b
    • Nazwa wydawcy (P)
    • Wydawnictwo Prawnicze,
    • c
    • Data wydania (P)
    • 1993.
300 -Strefa opisu fizycznego [ , ]
    • a
    • Określenie formy książki i/lub objętość (NP)
    • 89, [3] s. ;
    • c
    • Format (NP)
    • 21 cm.
336 -Typ zawartości [ , ]
    • a
    • Termin opisujący typ zawartości
    • Tekst
    • b
    • Kod określający zawartość
    • txt
    • 2
    • Źródło (terminu i kodu)
    • rdacontent
337 -Typ mediów [ , ]
    • a
    • Tryb odtwarzania
    • Bez urządzenia pośredniczącego
    • b
    • Kod typu mediów
    • n
    • 2
    • Źródło (terminu i kodu)
    • rdamedia
338 -Typ/rodzaj nośnika [ , ]
    • a
    • Hasło opisujące typ nośnika
    • Wolumin
    • b
    • Kod typu nośnika
    • nc
    • 2
    • Źródło (terminu i kodu)
    • rdacarrier
504 -Uwaga dot. bibliogr. załącznikowej [ , ]
    • a
    • Uwaga dot. bibliografii załącznikowej
    • Bibliogr. s. 89-[90].
080 -Uniwersalna Klasyfikacja Dziesiętna [ , ]
    • a
    • Symbol klasyfikacji
    • 338.242
    • 9
    • UKD
    • 3220
    • 2
    • Identyfikator wydania tablic
    • UDC-P058
    • b
    • Dopowiedzenie
    • Zarządzanie i kierowanie gospodarką w systemie wolnorynkowym (rynkowym). Ingerencja państwa w życie gospodarcze. Interwencjonizm państwa w gospodarkę. Stabilizacja gospodarki. Wolność gospodarcza.
080 -Uniwersalna Klasyfikacja Dziesiętna [ , ]
    • a
    • Symbol klasyfikacji
    • :347.91/.95
650 -Hasło przedmiotowe [ ,7]
    • a
    • Hasło przedmiotowe
    • Prywatyzacja
    • x
    • Określnik rzeczowy
    • prawo
    • z
    • Określnik geograficzny
    • Polska.
    • 2
    • Źródło terminu
    • kaba
    • 9
    • KHW
    • 377657
650 -Hasło przedmiotowe [ ,7]
    • a
    • Hasło przedmiotowe
    • Własność
    • z
    • Określnik geograficzny
    • Polska.
    • 2
    • Źródło terminu
    • kaba
    • 9
    • KHW
    • 352794
980 -Symbol UKD [ , ]
    • a
    • UKD
    • 338.242:347.91/.95
710 -Hasło dodatkowe - nazwa ciała zbiorowego [2, ]
    • a
    • Nazwa ciała zbiorowego lub nazwa geograficzna jako pierwszy element (NP)
    • Wydawnictwo Prawnicze.
    • 4
    • Kod relacji
    • pbl
    • 9
    • KHW
    • 57397
920 -ISBN [ , ]
    • a
    • ISBN
    • 83-219-0652-4 Find
Sygnatura Numer inwentarzowy Status udost. Lokalizacja Data inwentaryzacji
 E.61886-2BE1994-09-19
SA.6078SA.60781BSA1994-09-19
338GW.625-3GW2015-09-04
 TS.75878-11T1994-09-19
 TS.75803-11T1994-09-19